10 Things I Hate About You Quotes - Statistics

General Stats
  • This quiz has been taken 297 times
  • The average score is 9 of 16
Answer Stats
Hint Answer % Correct
Kat Stratford: "You can't just buy me a ______ every time you screw up, you know?" Patrick: "Yeah, I know. But then, you know, there's always drums, and bass, and maybe even one day a tambourine." guitar
88%
Patrick: "It's not everyday you find a girl who'll _____ someone to get you out of detention." flash
87%
Patrick: "Hey there girly. How you doin'?" Kat Stratford: "Sweating like a ___actually and yourself?" pig
84%
Walter Stratford: "Hello, Katarina. Make anyone cry today?" Kat Stratford: "Sadly, no. But it's only _:__." 4:30
70%
Joey: "Mr. Morgan, is there any chance we could get Kat to take her Midol *before* she comes to class?" Mr. Morgan: "Someday, you gonna get _____-_______ and I'm not gonna do a thing to stop it." bitch-slapped
59%
[after purposefully crashing into a car] Kat Stratford: "______." whoops
59%
Walter Stratford: "Where's your sister going?" Kat Stratford: "She's meeting some bikers. Big ones. Full of _____." Walter Stratford: "Funny." sperm
57%
Chastity: "I know you can be overwhelmed, and you can be underwhelmed, but can you ever just be whelmed?" Bianca: "I think you can in ______." Europe
56%
Bianca: "Hi Daddy!" Walter Stratford: "Hi... where're we going?" Bianca: "Well, if you must know... a small study group of friends." Walter Stratford: "Otherwise known as an orgy?" Chastity: "Mr. Stratford, it's just a party!" Walter Stratford: "And hell is just a _____." sauna
56%
Kat Stratford: "I guess in this society, being ____ and an a**hole makes you worthy of our time." male
53%
Bogey Lowenstien: [the doorbell rings] "That must be Nigel with the ____." brie
40%
[after Joey punches Cameron, Bianca punches Joey in the face] Joey: "S***, Bianca, I'm shooting a ____ _____ ad tomorrow!" nose spray
40%
Patrick: "Ooh, see that, there. Who needs affection when I have _____ ______?" blind hatred
31%
Patrick: "Someone still has her panties in a twist." Kat Stratford: "Don't, for one minute, think that you had any effect whatsoever on my panties." Patrick: "Then what did I have an effect on?" Kat Stratford: "Other than my _______ ______, nothing." upchuck reflex
29%
Ms. Perky: "People perceive you as somewhat..." Kat Stratford: "___________?" Ms. Perky: ""Heinous bitch" is the term used most often." Tempestuous
27%
Kat Stratford: "We're going now." Walter Stratford: "Alright, wait a minute. No drinking, no drugs, no kissing, no tattoos, no piercings, *no* ritual ______ __________ of any kind. Oh, God, I'm giving them ideas." animal slaughters
19%
No matching quizzes found
Score Distribution
Percent of People with Each Score
Percentile by Number Answered
Your Score History
You have not taken this quiz